000 01138nam0a2200325 4500
001 RU\NLR\BIBL_A\012633101
005 20220203183004.0
010 _a978-5-04-120272-9
_93000
021 _aRU
_bКН-П-21-042676
_9КН-П-21-3358
035 _a(NLR Aleph) 012633101
090 _a12672943
_c12672943
100 _a20211027d2021 u y0rusy50 ca
101 1 _arus
_cpol
102 _aRU
105 _ay z 000ay
181 0 _ai
_baxxe
182 0 _an
200 1 _aБезмолвная
_fРемигиуш Мруз
_g[перевод с польского В. Н. Садыкова]
203 _aТекст
_bвизуальный
_cнепосредственный
210 _aМосква
_cInspiria
_cЭксмо
_d2021
215 _a348, [3] с.
_d21
225 1 _aTok
_iНациональный бестселлер
_iПольша
333 _a16+
686 1 _aШ6(4П)77-446{Лх1129-60}
700 1 _7ca
_8rus
_aМруз
_bР.
_f1987-
_gРемигиуш
_9238693
_3RU\NLR\AUTH\770238749
942 _cBOOK
980 _aNB